Paganini

Bibliographic Details
Main Author: -lk- (Author)
Format: Article
Language:Slovak
Subjects:

MARC

LEADER 00000nab a2200000 a 4500
001 vtls000028245
003 SK-MaSNL
005 20260304062131.0
008 250422c1979 xo 0 slo
015 |a SNBRB19rr/mm-uuuuu 
035 |a CL0038339 
035 |a urn:nbn:sk:snk-abdjyy 
035 |a (urnnbn)urn:nbn:sk:snk:ar-0015vb 
035 |a (uuid)e5a9e953-78d0-4f8f-9f0a-f1871d3355ea 
040 |a SNKBUCL  |b slo  |c SNKBUCL  |e AACR2 
041 0 |a slo 
044 |a xo  |c SK 
080 |a 792.5  |2 1981 
100 1 |a -lk-  |4 aut  |9 912336 
245 1 0 |a Paganini  |c -lk- 
600 1 7 |a Lehár, Franz,  |d 1870-1948  |2 snkbucl  |9 197118 
655 7 |a články z novín a časopisov  |2 snkbucl  |9 267496 
773 0 |t Film a divadlo  |g Roč. 23, č. 8 (1979), s. 26-27 
850 |a Slovenská národná knižnica 
852 |a Slovenská národná knižnica 
954 |a odborná, vedecká literatúra pôvodná (slovenská)  |2 lita 
957 |a 3100 
958 |a article19 
958 |a OND 
958 |a RK 
958 |a CZ 
958 |a EUIPO 
992 |a RBX 
999 |c 2736643  |d 2738573